00484nam a2200169Ia 4500003000900000008004100009020002200050040001600072080001300088100002000101245008600121250001200207260002700219650002400246650002600270650001800296IN-BaIIA211028s9999 xx 000 0 eng d a978-0-582-45023-3 cIIA Library a531bKIB aKibble, T. W. B 0aClassical mechanicscT. W. B. Kibble  a3rd ed. aLondonbLongmansc1985 aClassical mechanics aHamiltonian mechanics aLinear motion